000 00561nam a2200205Ia 4500
005 20230711091800.0
008 131103s9999 xx 000 0 und d
020 _a582646634
_c6.95 pds
040 _aLoreto College
041 _aEnglish
082 _a960
_bCUR
245 _aAfrican History
_cPhilip Curtin ... [et al.]
260 _aLondon
_bLongman
_c1978 (1981 printing)
300 _axv,612 p.
_b ill.,maps
504 _aIncludes bibliographical references
650 _aAfrica - History
700 _aCurtin,Philip
850 _aLCLIB
942 _cBK
999 _c7826
_d58305